[Event "Nicolo La Rosa op 13th"]
[Site "Mazara del Vallo"]
[Date "2005.08.20"]
[Round "4"]
[White "Bocci, Alessandro"]
[Black "Ljubisavljevic, Zivojin Z"]
[Result "0-1"]
[WhiteElo "1947"]
[BlackElo "2261"]
[PlyCount "76"]
[EventDate "2005.08.19"]
[EventType "swiss"]
[EventRounds "6"]
[EventCountry "ITA"]
[SourceTitle "EXT 2024"]
[Source "ChessBase"]
[SourceDate "2023.10.10"]
[SourceVersion "1"]
[SourceVersionDate "2023.10.10"]
[SourceQuality "1"]

1. d4 Nf6 2. Nf3 e6 3. c4 c5 4. d5 b5 5. Bg5 exd5 6. cxd5 d6 7. Nc3 a6 8. e4 Be7 9. Qc2 Bg4 10. Be2 Nbd7 11. 0-0 0-0 12. Bf4 Nh5 13. Be3 g6 14. h3 Bxf3 15. Bxf3 Ng7 16. g3 Bg5 17. Bxg5 Qxg5 18. Bg2 b4 19. Nd1 f5 20. exf5 Nxf5 21. Qc1 Qf6 22. Ne3 Nxe3 23. Qxe3 Rae8 24. Qd2 a5 25. Rae1 Ne5 26. Qc2 Nf3+ 27. Bxf3 Qxf3 28. Rxe8 Rxe8 29. Qb3 Qxb3 30. axb3 Re2 31. Ra1 Rxb2 32. Rxa5 Rxb3 33. Ra6 Rb1+ 34. Kg2 b3 35. Rxd6 b2 36. Rb6 c4 37. d6 c3 38. d7 Rd1 0-1

[Event "Nicolo La Rosa op 13th"]
[Site "Mazara del Vallo"]
[Date "2005.08.19"]
[Round "2"]
[White "Cerami, Gianvito"]
[Black "Bocci, Alessandro"]
[Result "0-1"]
[WhiteElo "1646"]
[BlackElo "1947"]
[PlyCount "96"]
[EventDate "2005.08.19"]
[EventType "swiss"]
[EventRounds "6"]
[EventCountry "ITA"]
[SourceTitle "EXT 2024"]
[Source "ChessBase"]
[SourceDate "2023.10.10"]
[SourceVersion "1"]
[SourceVersionDate "2023.10.10"]
[SourceQuality "1"]

1. c4 Nf6 2. Nc3 g6 3. Nf3 Bg7 4. e4 d6 5. d4 0-0 6. Be2 e5 7. b3 Nc6 8. Bb2 Nd7 9. Nd5 Ne7 10. Nc3 c6 11. d5 c5 12. a4 a6 13. h4 h6 14. g4 f5 15. gxf5 gxf5 16. Kd2 Nf6 17. Bd3 fxe4 18. Bxe4 Nxe4+ 19. Nxe4 Bg4 20. Rg1 Bxf3 21. Qe1 Bxe4 22. Qxe4 Rxf2+ 23. Kc1 Qf8 24. Kb1 Qf5 25. Qxf5 Rxf5 26. Ka2 Kh7 27. Rg2 Rg8 28. Rag1 Bf6 29. Ka3 Rxg2 30. Rxg2 Bxh4 31. b4 Rf3+ 32. Ka2 cxb4 33. Re2 Rf2 34. Re4 Rf4 35. Re2 Rxc4 36. Kb3 Rg4 37. a5 Bg5 38. Rc2 Nxd5 39. Rc8 Bf6 40. Rb8 Rg7 41. Kc4 Ne3+ 42. Kxb4 h5 43. Rc8 h4 44. Bc1 Bg5 45. Kb3 h3 46. Rc3 h2 47. Bxe3 Bxe3 48. Rxe3 h1Q 0-1